Vo Svätom Kríži je najväčší drevený kostol v strednej Európe

Bibliographic Details
Main Author: Lehotský, Ľubomír (Author)
Format: Article
Language:Slovak
PhysicalDescription:Fotogr., mp.
ISSN:1335-440X
Subjects:

MARC

LEADER 00000nab a2200000 ar4500
001 vtls008962474
003 SK-MaSNL
005 20260303070724.0
008 070410c20070324xo dr|p|||||||000 b|slo
015 |a SNBRB2007/04  |2 snkbucl 
038 |a SNKBUCL 
040 |a SNKBUCL  |b slo  |c SNKBUCL  |e AACR2 
041 |a slo 
044 |a xo  |c SK 
080 |a 904:726.54  |2 2001 
080 |a 726.54  |2 2001 
100 1 |a Lehotský, Ľubomír  |4 aut  |9 267807 
245 1 0 |a Vo Svätom Kríži je najväčší drevený kostol v strednej Európe  |c Ľubomír Lehotský 
300 |b Fotogr., mp. 
610 2 7 |a Svätý kríž (Slovensko : kostol)  |2 snkbucl  |9 173052 
650 0 7 |a drevené kostoly  |2 snkbucl  |9 3659 
773 0 |t Sme. Práca  |g Roč. 15, č. 70 (24.3.2007)  |x 1335-440X 
773 0 |i Príl.:  |t Magazín Víkend  |g S. 30 
852 |a SNK  |b KIS3GCP 
958 |a SK 
999 |c 1756652  |d 1758582